| 000 | 01185nam a2200301 a 4500 | ||
|---|---|---|---|
| 999 |
_c491242 _d491242 |
||
| 003 | BLK | ||
| 005 | 20230913093259.0 | ||
| 008 | 220311b bul|||||r ||||||| ||bul|| | ||
| 040 | _aBLK | ||
| 041 |
_aBUL _cBUL |
||
| 080 |
_aСимфоничен оркестър _b785.11 _x(497.215)(062) _z785.11(497.215)(062) |
||
| 110 |
_9471328 _aРусенска филхармония |
||
| 139 | _bР 95 | ||
| 245 | 1 | 0 |
_aКонцерт на Симфоничния оркестър на Държавна филхармония - Русе _h[Малотир. изд.] |
| 260 |
_aРусе _bб. и. _c1971 _9441842 |
||
| 300 |
_a4 с. _c20 см |
||
| 380 | _a7 | ||
| 500 | _aДиригент: Илия Темков; Солист: Павел Коган 3 дек. - Русе, 4 дек. - Габрово, 5 дек. - В. Търново | ||
| 651 | 7 |
_9179592 _aСССР |
|
| 653 | 7 |
_9195856 _aРусенска филхармония |
|
| 653 | 7 |
_9189133 _aконцерти |
|
| 653 | 7 |
_9196608 _aсимфонични оркестри |
|
| 653 | 7 |
_9183884 _aгастроли |
|
| 852 |
_bК _cК 78/Р 95 |
||
| 856 |
_i0.00 _ldisable |
||
| 942 |
_cKNG _n0 _s1 _01 |
||
| 944 |
_aCR _c2023-05-09 _k30558 _lВаля Йорданова |
||